Živnostenské podniky a akciové společnosti

Guardado en:
Detalles Bibliográficos
Autor principal: Haber, Luděk
Formato: Libro
Lenguaje:checo
Publicado: [S.l.] Monitor 1990
Edición:1. vyd.
Colección:Občan mezi paragrafy Sešit 1
Etiquetas: Agregar Etiqueta
Sin Etiquetas, Sea el primero en etiquetar este registro!

MARC

LEADER 00000nam a2200000 4500
001 c027063
005 20221215121207.9
041 0 |a cze 
044 |a CS 
245 1 0 |a Živnostenské podniky a akciové společnosti  |c Luděk Haber 
250 |a 1. vyd. 
264 1 |a [S.l.]  |b Monitor  |c 1990 
300 |a 32 s. 
490 1 |a Občan mezi paragrafy  |v Sešit 1 
830 0 |a Občan mezi paragrafy  |v Sešit 1 
100 1 |a Haber, Luděk